MDQL
is popping MORE tags! Check the
thread
!
Quizzes
Events
Quiz Creation
Community
Videos
Private Events
Remove Ads
Sign In
Join for FREE
Feedback
Dark Mode
Quiz Categories
Sports
Geography
Music
Movies
Television
Just For Fun
Miscellaneous
History
Literature
Language
Science
Gaming
Entertainment
Religion
Holiday
For Kids
Quiz Lab
Recent
Popular Today
Quiz Kudos Today
Editor Picks
Curator Picks
Quizzes by...
Day
Popularity
Type
Ratings
Length
Year
Community
Subscriptions
Recent Discussions
Orange Saloon
Badges
Playlists
Quests
Create
Leaderboards
Showdown
Live 5
Trivia Bingo
Activity
Puzzle Library
Sporcle Events
Private Events
Virtual Trivia
Globe League
Become a Host
Pub Owners
SporcleCon
Opinionation
Our Games
Videos
Blog
Mobile Apps
Partnerships
Remove Ads and Go Orange
Feedback
Movies
Disney
Marvel Cinematic Universe
Movie Resume
Movie Titles
Oscar
Actor
Actress
Director
Pixar
Role
Movie Quotes
Movie Characters
Box Office
Nominee
Best Picture
Star Wars
James Bond
Horror Movies
Movies
Disney
Marvel Cinematic Universe
Movie Resume
Movie Titles
Oscar
Actor
Actress
Director
Pixar
Role
Movie Quotes
Movie Characters
Box Office
Nominee
Best Picture
Star Wars
James Bond
Horror Movies
Random Quiz
Search Sporcle
×
Quiz Lab
Quiz Lab
Movies
Star Wars
Type in answers that appear in a list
Type in answers that appear in a list
Classic
Best Score? Go Orange.
Star Wars: The Force Awakens Characters Stats
Can You Name The Star Wars: The Force Awakens Characters?
By
Baby_Monkey
4m
24 Questions
79 Plays
79 Plays
79 Plays
Comments
Comments
Give Quiz Kudos
Give Quiz Kudos
-
- Ratings
hide this ad
More Info
Forced Order
Answers have to be entered in order
Answers have to be entered in order
Replay
Link that replays current quiz
Next Quiz
Link to next quiz in quiz playlist
You Got
0%
They Got
Avg Score
57%
Avg Friend Score
Upgrade to see
Score Distribution
Jump to the score distribution portion of the page
Score
0/24
Timer
04:00
0
Plays Today
Hint
Character
% Correct
Begins his journey in the Star Wars story as a member of The First Order; however, he abandons his post as a Stormtrooper.
Finn
98.7%
She spent much of her life scavenging the desert of Jakku in order to survive
Rey
97.5%
One of The Resistance’s most talented and brave X-
wing squadron leaders
Poe Dameron
96.2%
a Force-
weilding warrior operating under orders from powerful Dark Side figure Supreme Leader Snoke
Kylo Ren
96.2%
An astromech droid with connections to Poe Dameron, Rey, and the larger Residence force
BB-8
93.7%
A powerful Jedi warrior, and with the help of his father, destroyed Emperor Palpatine’s autocratic strangle hold on the galaxy
Luke Skywalker
93.7%
Han Solo’s lovable best friend and first mate, he was both the muscle and the heart of the Millennium Falcon during the Rebellion era
Chewbacca
92.4%
A fierce First Order loyalist, she leads the next generation of stormtroopers into battle
Captain Phasma
91.1%
Hidden from her true father and brother for decades, she was already a key member of the Rebellion, following in her adopted father’s footsteps
Leia Organa
91.1%
After killing Greedo, the pilot of the Millennium Falcon smuggled Luke Skywalker and Jedi Master Obi-
Wan Kenobi off Tatooine and into the galactic war stage
Han Solo
91.1%
The childhood creation of future-
Jedi warrior Anakin Skywalker, he was initially built from discarded protocol droid parts
C-3PO
91.1%
Leia implanted stolen Death Star schematics inside hiss memory, and sends the droid on a mission to find Obi-
Wan Kenobi
R2-D2
88.6%
Hint
Character
% Correct
Kylo Ren’s mysterious master and a powerful Dark Force wielder
Supreme Leader Snoke
65.8%
Leader of the First Order military installation, Starkiller Base
General Hux
54.4%
An alien pirate lord who provides Finn and Rey with vital information on their journey
Maz Kanata
43%
A small, brutish scavenger that roams Jakku’s vast wasteland on his semi-
mechanical Luggabeast
Teedo
32.9%
A Jakku junk dealer that provides food for any useful 'junk'
Unkar Plutt
32.9%
Leads the notorious Kanjiklub gang, an intergalactic criminal organization
Tasu Leech
15.2%
A skilled (if occasionally reckless) X-
wing starfighter pilot for the Resistance
Ello Asty
6.3%
Tough and hard-
working, this droid is part of the ground crew that keeps the Resistance starfighters fueled and combat-
ready
B-U4D/Buford
2.5%
A scavenger and trader who scours frontier worlds for riches. He must wear a specialized mask that keeps his native atmosphere circulating through his alien lungs
Sarco Plank
2.5%
A vigilant law officer on a mostly lawless world, he keeps order in a frontier trading post
Constable Zuvio
2.5%
Part of the tireless technical crew that provides mechanical support to the Resistance’s fleet of starfighters
Goss Toowers
1.3%
A constant fixture in Resistance base control rooms, offering tactical data and communications support during important operations
PZ-4CO
1.3%
Quiz Playlist
Details
Report
Send in Message
Add To Playlist
More Info:
This game is very hard!! Names with their information taken from: http://screenrant.com/star-wars-7-vii-force-awakens-character-guide/
Classic:
Type in answers that appear in a list
Forced Order:
Answers have to be entered in order
Last Updated: Feb 16, 2017
Quiz Scoreboard
CHALLENGE
Sign Up to Join the Scoreboard
Show All
Scores
Hide
Comments
May contain spoilers
Recently Published
1-10 Letter E Words III
by El_Dandy
Language
2m
Street Fighter Characters
by Artimus82
Gaming
60s
College Basketball Coaching Resumes
by pancakes188
Sports
9m
More to Explore
Quiz From the Vault
Featured Blog Post
Where Did the Easter Bunny Come From?
hide this ad
You Might Also Like...
Tags
Star Wars Quiz
Today's Top Quizzes in Movies
Browse Movies
hide this ad
Today's Top Quizzes in Star Wars
Browse Star Wars
Top Contributed Quizzes in Movies
1
Pick 5 Posters: Directed by Spielberg
2
7-to-1: Pixar Characters
3
Hidden Star Wars Character II
4
Pick 5 Posters: Lowest-Rated Spielberg
5
Sorting Actors
6
Sorting Actresses
7
Hidden Star Wars Character III
8
Pick 5 Posters: Directed by Scorsese
9
Hidden Star Wars Character IV
10
Pick 5 Posters: Star & Director
Explore More
Trending Topics
Kpop
NBA
Disney
Harry Potter
Anime
Marvel
Crossword
Country
The Office
Song
Puzzle
WWE
NFL
Soccer
Pokémon
hide this ad
More By:
Baby_Monkey
Quiz
Plays
Rating
Category
Featured
Created
Alphabet Divergent, Insurgent, & Allegiant Quiz
460
3.33
Movies
Dec 10, 2016
Harry Potter Families
168
2.00
Movies
Dec 29, 2016
All NFL Teams
95
3.00
Sports
Jan 1, 2017
Star Wars: The Force Awakens Characters
79
3.25
Movies
Jan 5, 2017
Goin' Back To Hogwarts Lyrics
59
4.67
Entertainment
Jul 7, 2020
Go to Creator's Profile
Score Distribution
Quiz Creator Spotlight
Baby_Monkey
Follow
Send a Message
Quizzes Created
-
Created Quiz Play Count
-
More By This Creator
Popular Quizzes Today
1
Find the US States - No Outlines Minefield
2
Find the Countries of Europe - No Outlines Minefield
3
The Countries of the World
4
Find the US States
5
Risky Map Clicking: Biggest States A-Z
6
US States
7
Popular People in 1961
8
Movies - When Are They Set?
More Movies Quizzes
MCU Captain America Character Blitz
Quiz Lab
Trending Quizzes
Risky Map Clicking: Least Populous States A-Z
Billboard Blitz: Aretha Franklin
Famous Russians: Author or Composer?
1-10 Letter G Words
Countries of the World: 200 Million BC
Recently Updated
Leaping Animals
pecheneg
Reality TV Shows (A-Z)
bhenderson79
Rickey Henderson's Hall of Fame Teammates
pecheneg
Champions League XIs: Arsenal
pecheneg
Quick Pick: Celebrities in WWE's Hall of Fame
aduchscher
A-Z Keypad Blitz II
pecheneg
Multiple Oscar Actors
pecheneg
Mystery Phrase Blitz: Oscar 'Best Actors'
pecheneg
F. Scott Fitzgerald Novels
LTH
Pick 3 Villains
ddd62291
Trending Topics
Disney
Kpop
Harry Potter
Anime
NBA
Marvel
Crossword
Puzzle
WWE
The Office
Pokémon
NFL
Song
Soccer
Country
Your Account Isn't Verified!
In order to create a playlist on Sporcle, you need to verify the email address you used during registration. Go to your
Sporcle Settings
to finish the process.
Report this User
Report this user for behavior that violates our
Community Guidelines
.
Details:
Send Report
Go to the Sporcle.com Mobile Site →
Comments